[Event "Sabadell Coral Colon op 13th"]
[Site "Sabadell"]
[Date "2019.03.15"]
[Round "4"]
[White "Villa Cardenas, Jorge"]
[Black "Ara Aymani, Emili"]
[Result "0-1"]
[WhiteElo "1678"]
[BlackElo "1754"]
[PlyCount "96"]
[EventDate "2019.02.22"]
[EventType "swiss"]
[EventRounds "8"]
[EventCountry "ESP"]
[SourceTitle "CBM 190 Extra"]
[Source "ChessBase"]
[SourceDate "2019.07.15"]
[SourceVersion "1"]
[SourceVersionDate "2019.07.15"]
[SourceQuality "1"]

1. e4 e5 2. Nf3 Nc6 3. d4 exd4 4. Nxd4 Bc5 5. Nxc6 Qf6 6. Qe2 Qxc6 7. Nc3 d6 8. g3 Be6 9. Be3 Nf6 10. Bxc5 Qxc5 11. Qb5+ Qxb5 12. Nxb5 Kd7 13. f3 a6 14. Nc3 Rae8 15. 0-0-0 Kc8 16. Be2 Bd7 17. Rhe1 g5 18. Nd5 Nxd5 19. Rxd5 Re5 20. Rxe5 dxe5 21. Bc4 f6 22. Kd2 h5 23. Ke3 h4 24. gxh4 Rxh4 25. Re2 Rh3 26. Rg2 b5 27. Bf7 Kd8 28. Rd2 Ke7 29. c4 Bg4 30. Bg8 Bxf3 31. Kd3 Bh1+ 32. Kc2 Bxe4+ 33. Kc1 Bd3 34. cxb5 axb5 35. Rf2 e4 36. Rg2 Kd6 37. Bf7 Ke5 38. Bg6 Rh6 39. Be8 e3 40. a4 bxa4 41. Bxa4 Kf4 42. Bd1 f5 43. b3 Be4 44. Ra2 g4 45. b4 Bf3 46. b5 Bxd1 47. Kxd1 Kf3 48. Rb2 g3 0-1

[Event "Sabadell op 11th"]
[Site "Sabadell"]
[Date "2017.??.??"]
[Round "5.3"]
[White "Martinez Ferrer, Albert"]
[Black "Ara Aymani, Emili"]
[Result "0-1"]
[WhiteElo "1835"]
[BlackElo "1865"]
[PlyCount "56"]
[EventDate "2017.02.03"]
[EventType "swiss"]
[EventRounds "9"]
[EventCountry "ESP"]
[SourceTitle "EXT 2024"]
[Source "ChessBase"]
[SourceDate "2023.10.10"]
[SourceVersion "1"]
[SourceVersionDate "2023.10.10"]
[SourceQuality "1"]

1. d4 Nf6 2. Nf3 e6 3. Bf4 Be7 4. Nbd2 0-0 5. e4 c5 6. c3 Nc6 7. Bd3 d6 8. Bc2 cxd4 9. Nxd4 e5 10. Nxc6 bxc6 11. Be3 Be6 12. 0-0 Ng4 13. Qe2 Nxe3 14. Qxe3 Bg5 15. Qe2 Qb6 16. Nb3 a5 17. Rfd1 f5 18. Nd2 fxe4 19. Nxe4 Be7 20. b3 d5 21. Ng3 Rxf2 22. Bxh7+ Kh8 23. Qd3 Rd2+ 24. Kh1 Rxd3 25. Bxd3 e4 26. Be2 Bf6 27. Rac1 Qe3 28. Rc2 Be5 0-1

[Event "Sabadell Coral Colon op 9th"]
[Site "Sabadell"]
[Date "2015.04.10"]
[Round "9"]
[White "Ara Aymani, Emili"]
[Black "Munoz Munoz, Teresa"]
[Result "1/2-1/2"]
[WhiteElo "1980"]
[BlackElo "2044"]
[PlyCount "44"]
[EventDate "2015.02.06"]
[EventType "swiss"]
[EventRounds "9"]
[EventCountry "ESP"]
[SourceTitle "EXT 2016"]
[Source "ChessBase"]
[SourceDate "2015.10.08"]
[SourceVersion "1"]
[SourceVersionDate "2015.10.08"]
[SourceQuality "1"]

1. e4 e5 2. Nf3 Nf6 3. Nxe5 d6 4. Nf3 Nxe4 5. Nc3 Nxc3 6. dxc3 Be7 7. Be3 Bg4 8. Be2 Nd7 9. Nd4 Bxe2 10. Qxe2 0-0 11. 0-0 Re8 12. Nf3 Bf6 13. Qd2 Ne5 14. Nxe5 Bxe5 15. f4 Bf6 16. Bd4 Re4 17. Rae1 Bxd4+ 18. cxd4 d5 19. f5 Qh4 20. Rxe4 Qxe4 21. f6 Re8 22. fxg7 Qe2 1/2-1/2

[Event "Sabadell Coral Colon op 9th"]
[Site "Sabadell"]
[Date "2015.03.13"]
[Round "6"]
[White "Urrutia Mule, Oriol"]
[Black "Ara Aymani, Emili"]
[Result "1/2-1/2"]
[WhiteElo "2080"]
[BlackElo "1980"]
[PlyCount "111"]
[EventDate "2015.02.06"]
[EventType "swiss"]
[EventRounds "9"]
[EventCountry "ESP"]
[SourceTitle "EXT 2016"]
[Source "ChessBase"]
[SourceDate "2015.10.08"]
[SourceVersion "1"]
[SourceVersionDate "2015.10.08"]
[SourceQuality "1"]

1. e4 e5 2. Nc3 Nc6 3. g3 d6 4. Bg2 Nf6 5. Nge2 Be7 6. 0-0 Bd7 7. d3 Qc8 8. f4 Bh3 9. fxe5 dxe5 10. Bg5 Bxg2 11. Kxg2 Ng4 12. Qd2 f6 13. Be3 Nxe3+ 14. Qxe3 Qd7 15. Nd5 b6 16. Qf3 0-0-0 17. Qf5 Qxf5 18. Rxf5 Bc5 19. Raf1 Ne7 20. Nxe7+ Bxe7 21. Nc3 c6 22. g4 h6 23. Kg3 Bc5 24. Ne2 b5 25. Kh4 Rhg8 26. R5f3 Be7 27. Kh5 g6+ 28. Kxh6 Rh8+ 29. Kxg6 Rdg8+ 30. Kf7 Kd7 31. Rxf6 Rf8+ 32. Kg7 Bxf6+ 33. Rxf6 Rhg8+ 34. Kh7 Rxf6 35. Kxg8 Rg6+ 36. Kf7 Rxg4 37. Ng3 Rh4 38. Kf6 Rxh2 39. Kxe5 Rxc2 40. Kf6 Rxb2 41. e5 Rf2+ 42. Nf5 a5 43. e6+ Ke8 44. Ke5 Rxf5+ 45. Kxf5 Ke7 46. Ke5 a4 47. Kd4 Kd6 48. e7 c5+ 49. Ke4 Kxe7 50. Kd5 b4 51. Kc4 Kd6 52. d4 cxd4 53. Kxd4 b3 54. Kc3 bxa2 55. Kb2 Kc5 56. Kxa2 1/2-1/2

[Event "Sabadell Coral Colon op 9th"]
[Site "Sabadell"]
[Date "2015.02.27"]
[Round "4"]
[White "Campos Cayuelas, Adria"]
[Black "Ara Aymani, Emili"]
[Result "1/2-1/2"]
[WhiteElo "2141"]
[BlackElo "1980"]
[PlyCount "113"]
[EventDate "2015.02.06"]
[EventType "swiss"]
[EventRounds "9"]
[EventCountry "ESP"]
[SourceTitle "EXT 2016"]
[Source "ChessBase"]
[SourceDate "2015.10.08"]
[SourceVersion "1"]
[SourceVersionDate "2015.10.08"]
[SourceQuality "1"]

1. d4 Nf6 2. Nc3 d5 3. Bg5 e6 4. e4 dxe4 5. Nxe4 Be7 6. Bxf6 Bxf6 7. Nf3 0-0 8. Qd2 b6 9. 0-0-0 Bb7 10. Bd3 Nd7 11. Neg5 Bxg5 12. Nxg5 Nf6 13. Qf4 h6 14. h4 Qd6 15. Qe3 Nd5 16. Qe4 Qf4+ 17. Rd2 Qxe4 18. Nxe4 Nf4 19. f3 Nxd3+ 20. Rxd3 Rad8 21. Rhd1 Ba6 22. R3d2 Rd5 23. b3 Rh5 24. Rh1 Bb7 25. Ng3 Rd5 26. c4 Rd7 27. Kc2 Rfd8 28. Rhd1 f5 29. Kc3 g5 30. Re2 Kf7 31. hxg5 hxg5 32. Re5 c5 33. d5 exd5 34. Rxf5+ Kg6 35. Re1 dxc4 36. Re6+ Kh7 37. Rxg5 Rd3+ 38. Kc2 Rd2+ 39. Kc1 Rd1+ 40. Kb2 R1d2+ 41. Ka3 cxb3 42. Nh5 Rxa2+ 43. Kxb3 Bd5+ 44. Rxd5 Rxd5 45. Nf6+ Kg7 46. Nxd5 Rxg2 47. f4 Rd2 48. Re5 Rd4 49. f5 b5 50. Nc7 c4+ 51. Kb4 c3+ 52. Kb3 c2 53. Rc5 Kf6 54. Ne8+ Kf7 55. Nc7 Kf6 56. Ne8+ Kf7 57. Nc7 1/2-1/2

[Event "Sabadell Coral Colon op 9th"]
[Site "Sabadell"]
[Date "2015.02.13"]
[Round "2"]
[White "Morais Carreras, Javier"]
[Black "Ara Aymani, Emili"]
[Result "0-1"]
[WhiteElo "2111"]
[BlackElo "1980"]
[PlyCount "104"]
[EventDate "2015.02.06"]
[EventType "swiss"]
[EventRounds "9"]
[EventCountry "ESP"]
[SourceTitle "EXT 2016"]
[Source "ChessBase"]
[SourceDate "2015.10.08"]
[SourceVersion "1"]
[SourceVersionDate "2015.10.08"]
[SourceQuality "1"]

1. e4 e5 2. d4 exd4 3. Bc4 d6 4. c3 Be6 5. Bxe6 fxe6 6. cxd4 d5 7. Qh5+ g6 8. Qe5 Qf6 9. Qxc7 Bb4+ 10. Nc3 Qe7 11. Qxe7+ Nxe7 12. e5 Nbc6 13. Nf3 Nf5 14. Be3 Rc8 15. 0-0 Bxc3 16. bxc3 Na5 17. Bd2 Kd7 18. Rab1 Rc7 19. Rfc1 b6 20. g3 Nc4 21. Be1 Rhc8 22. Kg2 h6 23. g4 Ne7 24. Ng1 g5 25. Ne2 Ng6 26. Rd1 Rf8 27. Rd3 Kc8 28. f3 Rcf7 29. h3 Kb7 30. Kg3 a6 31. Ng1 Nf4 32. Rdd1 Ne3 33. Rdc1 Nd3 34. Bd2 Nxc1 35. Bxe3 Ne2+ 36. Nxe2 Rxf3+ 37. Kg2 Rxe3 38. Rb2 Ref3 39. Rc2 Rf2+ 40. Kg1 b5 41. Rb2 Kc6 42. a3 Rf1+ 43. Kg2 Ra1 44. Ng3 Rxa3 45. Rc2 Ra1 46. Nh5 Rff1 47. Nf6 Rg1+ 48. Kh2 Rh1+ 49. Kg2 Rag1+ 50. Kf2 Rh2+ 51. Kxg1 Rxc2 52. Ng8 a5 0-1

[Event "Sabadell Coral Colon op 5th"]
[Site "Sabadell"]
[Date "2011.03.18"]
[Round "7"]
[White "Ara Aymani, Emili"]
[Black "Alonso Garcia, Jose Luis"]
[Result "1-0"]
[WhiteElo "1997"]
[BlackElo "1848"]
[PlyCount "83"]
[EventDate "2011.02.04"]
[EventType "swiss"]
[EventRounds "9"]
[EventCountry "ESP"]
[SourceTitle "EXT 2013"]
[Source "ChessBase"]
[SourceDate "2012.11.22"]
[SourceVersion "1"]
[SourceVersionDate "2012.11.22"]
[SourceQuality "1"]

1. e4 c5 2. Nf3 Nc6 3. Bc4 e6 4. 0-0 d5 5. exd5 exd5 6. Bb5 a6 7. Bxc6+ bxc6 8. Re1+ Be7 9. Ne5 Be6 10. d4 Qd6 11. Bf4 Qd8 12. Nxc6 Qb6 13. Nxe7 Nxe7 14. dxc5 Qxc5 15. Nc3 0-0 16. Be5 Nc6 17. Na4 Qb5 18. c3 Nxe5 19. Rxe5 Qc6 20. b4 f6 21. Re3 Bf7 22. Nc5 Rfe8 23. Qd4 Rxe3 24. fxe3 Re8 25. a4 h6 26. Qd3 a5 27. Qd4 Rc8 28. Rc1 Qb6 29. Nb3 Qxd4 30. exd4 axb4 31. cxb4 Rc4 32. Rxc4 dxc4 33. Nc1 Kf8 34. Kf2 Ke7 35. Ke3 Ke6 36. Ne2 Bg6 37. Nc3 Bf7 38. b5 f5 39. a5 g5 40. g3 Be8 41. b6 Kd6 42. a6 1-0

[Event "Sabadell Coral Colon op 5th"]
[Site "Sabadell"]
[Date "2011.02.04"]
[Round "1"]
[White "Ortega Farrus, Alfonso"]
[Black "Ara Aymani, Emili"]
[Result "0-1"]
[WhiteElo "1614"]
[BlackElo "1997"]
[PlyCount "72"]
[EventDate "2011.02.04"]
[EventType "swiss"]
[EventRounds "9"]
[EventCountry "ESP"]
[SourceTitle "EXT 2013"]
[Source "ChessBase"]
[SourceDate "2012.11.22"]
[SourceVersion "1"]
[SourceVersionDate "2012.11.22"]
[SourceQuality "1"]

1. d4 Nf6 2. c4 e6 3. Nc3 Bb4 4. a3 Bxc3+ 5. bxc3 0-0 6. Nf3 b6 7. Bg5 h6 8. Bh4 Bb7 9. e3 d6 10. Be2 Nbd7 11. 0-0 e5 12. d5 Qc8 13. Qb3 Nc5 14. Qc2 Nfe4 15. Rad1 f5 16. Nd2 Qe8 17. Nxe4 fxe4 18. f3 exf3 19. Bxf3 e4 20. Be2 Qg6 21. Qd2 Rae8 22. Qe1 Rxf1+ 23. Bxf1 Rf8 24. Be2 Ba6 25. Qd2 Qe8 26. Qc2 Bc8 27. Qb2 Qg6 28. Rf1 Rxf1+ 29. Bxf1 Qg4 30. Bd8 h5 31. Be2 Qd7 32. Bh4 Qf5 33. Bd8 g6 34. Bxc7 Qd7 35. Bb8 Na6 36. Bxd6 Qxd6 0-1